| 000 | 00446nam a2200181Ia 4500 | ||
|---|---|---|---|
| 001 | 10718 | ||
| 005 | 20260306161853.0 | ||
| 008 | 260306t2011||||xx |||||||||||||| ||spa|| | ||
| 041 | _aESP | ||
| 082 |
_a946.092 _bL88 |
||
| 100 |
_aLópez Vega, Antonio _eAUT |
||
| 245 | 0 |
_aGregorio Marañon: _bradiografía de un liberal |
|
| 260 | _c2011 | ||
| 300 |
_a552 páginas : _c24 cm. |
||
| 650 | _aGEN | ||
| 654 | _aCHU | ||
| 942 |
_cLIB _dJUS _fJUS _2ddc _n |
||
| 999 |
_c10718 _d10718 |
||